1254 1451 1369 1054 1334 1725 1416 1333 1480 1308 1480 1684 1825 1447 1285 1234 1866 1802 1090 1819 1992 1291 1530 1308 1922 1089 1200 1885 1869 1259 1749 1694 1180 1850 1353 1695 1211 1753 1612 1752 1677 1935 1614 1902 1151 1637 1656 1514 1828 1106 1031 1525 1788 1985 1338 1933 1577 1893 1688 1674 1955 1740 1643 1446 1617 1650 1353 1891 1452 1541 1612 1805 1342 1380 1491 1869 1365 1056 1861 1477 1054 1126 1302 1550 1893 1544 1566 1693 1045 1937 1126 1983 1412 1499 1542 1752 1104 1004 1895 BCNSPRNW ULIB Ver.6.0+V

เปลี่ยนเป็นภาษาไทย

Change to English
 แสดงรายละเอียดบรรณานุกรม
  กลับหน้าหลัก

Brief Record : Get Marc (ISO 2709) : E-mail record : QR code < ปิดหน้าต่าง
LEADER : 00000nam 2200000uu 4500
001    13399113343
003     ULIB
008    110627s2553||||th 000 0 tha d
020    9786165000574
090    นว.^bพ723ร 2553
100 0  พิมพิสุธญ์
245 00 รักให้ลุ้นวุ่นหัวใจ/^cพิมพิสุธญ์
250    พิมพ์ครั้งที่ 1
260    กรุงเทพฯ :^bพิมพ์คำ,^c2553
300    367 หน้า
710 1  พิมพ์คำ
945    ^p230^l0^i028040
995    ทศพร
999 ^a ใช้งานได้ทุกระบบ
รายการนี้ยังไม่มีแท็ก
คุณยังไม่ได้ล็อกอิน คุณสามารถมีกิจกรรมร่วมกับเว็บไซต์ได้ แต่ต้องล็อกอินก่อน ::
  ล็อกอิน

รายการสื่อสารสนเทศ

ลำดับที่ ประเภท เลขเรียก/บาร์โค้ด สถานที่ สถานะ
- ไม่พบข้อมูล -

รายการใกล้เคียง
    ผู้แต่ง [พิมพิสุธญ์]

BibComment


ยังไม่เคยถูกคอมเมนท์

คอมเมนท์ทรัพยากรรายการนี้
  คอมเมนท์: รักให้ลุ้นวุ่นหัว..


 Copyright 2026. Bcnsprnw @Library